000 01952nam a2200241Ia 4500
003 Ost
005 20260416102401.0
008 260416s9999||||xx |||||||||||||| ||und||
040 _cfsecg
041 _aara
082 _a338.9
100 _aمراد، كريمة
_eمؤلف
245 0 _aاقتصاد المؤسسة /
_c كريمة مراد
260 _aالجزائر
_bجامعة الجزائر3: كلية العلوم الإقتصادية، العلوم التجارية وعلوم التسيير
_c2024
300 _a110 ورقة
_bايضاحات
_c12 سم
504 _aالمراجع ص.106
520 _aتهدف هذه المطبوعة إلى تقديم دراسة شاملة لمفهوم المؤسسة، وتتبع تطورها عبر الزمن، وتحليل العوامل الداخلية والخارجية المؤثرة عليها. وتغطي الدراسة جوانب متعددة من المؤسسة، بدءًا من تعريفها وطبيعتها، مروراً بتصنيفاتها وهياكلها التنظيمية، وصولاً إلى وظائفها ومواردها. كما تتناول الأطروحة الأدوات الاقتصادية المستخدمة في تحليل المؤسسة، ودراسة دورة حياتها وأنماط نموها، مع التركيز على أهمية الثقافة والأخلاقيات في إدارة المؤسسة. وتختتم الدراسة بتسليط الضوء على التوجهات الحديثة في اقتصاد المؤسسة، والتي تشكل تحديات وفرصًا جديدة للمؤسسات في بيئة الأعمال المتغيرة.
653 _aإقتصاد المؤسسة
653 _aالإقتصاد
653 _aالتخطيط الإقتصادي
710 _aجامعة الجزائر3: كلية العلوم الإقتصادية، العلوم التجارية وعلوم التسيير
_eناشر علمي
942 _cHANDOUT
999 _c41448
_d41448